00795nam a22002297a 450000500170000001000130001702000220003003500130005203700160006504000120008108200130009310000240010624501110013026000400024127000410028130000200032265000350034270000270037794200220040499900190042695201200044520170124110144.0 aA-574393 c00.00a8185386366 aA-574393 bCen Lib/Ret aDPLbEN a658bBLA aBlake, John 933094 aThe ABC of management :cby John Blake [and] Peter Lawrenceba handbook of management terms and concepts / aDelhibA.I.T.B.S. publishers c1992 bDelhiaD-2/15, Krishna nagare110051 a131p.c20cm(Hb) a Management vHandbook 933095 aLawrence, Peter933096 2ddccENh658mBLA c131881d131881 00104070aLbLd2015-07-16eCen Lib/Retg0.00l0o658 BLApA-574393r2015-07-16 00:00:00t1v0.00w2015-07-16yEN